logo

Bir Sreshtho Munshi Abdur Rouf Library
Jhenaidah Cadet College

Check your I. Q. and ISSB / (Record no. 7873)

MARC details
000 -LEADER
fixed length control field 00626nam a2200241 a 4500
001 - CONTROL NUMBER
JCCL Control Number 7873
003 - CONTROL NUMBER IDENTIFIER
JCCL marc code BD-JhCC
005 - DATE AND TIME OF LATEST TRANSACTION
control field 20181016134016.0
008 - FIXED-LENGTH DATA ELEMENTS--GENERAL INFORMATION
fixed length control field 180215s2012 b a|||| |||| 000 0 eng d
035 ## - SYSTEM CONTROL NUMBER
system control number (BD-JhCC)7873
040 ## - CATALOGING SOURCE
Original cataloging agency BD-JhCC
Modifying agency BD-JhCC
041 ## - LANGUAGE CODE
Language code of Book eng
082 ## - DEWEY DECIMAL CLASSIFICATION NUMBER
Classification number 001
Author mark and Year SIN 2012
100 ## - MAIN ENTRY--PERSONAL NAME
Personal name Singh, Major Jodh
245 ## - TITLE STATEMENT
Title Check your I. Q. and ISSB /
Statement of responsibility, etc Major Jodh Singh and J. S. Gusral
250 ## - EDITION STATEMENT
Edition statement New addition
260 ## - PUBLICATION, DISTRIBUTION, ETC. (IMPRINT)
Place of publication, distribution, etc New Delhi :
Date of publication, distribution, etc 2012
300 ## - PHYSICAL DESCRIPTION
Pagination 142 p. :
Other physical details ill. ;
Dimensions 19 cm
650 ## - SUBJECT ADDED ENTRY--TOPICAL TERM
Topical term or geographic name as entry element General knowledge
650 ## - SUBJECT ADDED ENTRY--TOPICAL TERM
Topical term or geographic name as entry element Interview, ISSB
700 ## - ADDED ENTRY--PERSONAL NAME
Personal name Gusral, J. S.
942 ## - ADDED ENTRY ELEMENTS (KOHA)
Source of classification or shelving scheme Dewey Decimal Classification
Koha item type Books
Koha issues (borrowed), all copies 1
Holdings
Source of classification or shelving scheme Damaged status Not for loan Home library Current library Shelving location Date of accession Cost, normal purchase price Total Checkouts Total Renewals Full call number Barcode Checked out Date last seen Date checked out Copy number Koha item type
Dewey Decimal Classification     JCC Rouf Library JCC Rouf Library General Stacks 02/15/2018 120.00 1 1 001 SIN 2012 10292 12/10/2018 10/16/2018 10/16/2018 C-1 Books
Dewey Decimal Classification     JCC Rouf Library JCC Rouf Library General Stacks 02/15/2018 120.00     001 SIN 2012 10418   02/15/2018   C-2 Books

JCC Library | Contacts | JCC Home

Last Update on 23 September 2017
Copyright @ 2017-2020 JCC Rouf Library
Rouf Library, Jhenidah Cadet College (JCC), Bangladesh